000 00436nam a2200169Ia 4500
008 221030s9999 xx 000 0 und d
020 _a8187210001
041 _aEnglish
082 _a105.23
_bPur
100 _aB. R. Puri
245 0 _aPrinciples of Physical Chemistry
_cby B. R. Puri, L. R. Sharma
260 _bS. L. Nagin & Co.
_aJalandhar
_c2000
300 _a1372
650 _aChemistry
700 _aL. R. Sharma
942 _cBK
999 _c6792
_d6792